Southville International School and Colleges
Your cart is empty.
  • Cart
  • Lists
    Public lists Eva Luna New books Lux_list list_1
    Your lists Log in to create your own lists
  • Log in to your account
  • Your cookies
  • Search history
Southville International School and Colleges
  • Advanced search
  • Recent comments
  • Most popular
  • Libraries

Log in to your account

Log in with GOOGLE


If you do not have an external account, but do have a local account, you can still log in:

  1. Home
  2. MARC view: Powerpuff girls : big terrible trouble? /
Normal view MARC view ISBD view

Powerpuff girls : big terrible trouble? / (Record no. 111932)

[ view plain ]
MARC details
000 -LEADER
fixed length control field 00610nam a2200205 a 4500
001 - CONTROL NUMBER
control field 1078
005 - DATE AND TIME OF LATEST TRANSACTION
control field 20140414131924.0
008 - FIXED-LENGTH DATA ELEMENTS--GENERAL INFORMATION
fixed length control field 041020s19uu xx 00 eng d
020 ## - INTERNATIONAL STANDARD BOOK NUMBER
International Standard Book Number 0-307-99500-3
050 ## - LIBRARY OF CONGRESS CALL NUMBER
Classification number ER
Item number P87 1999
100 ## - MAIN ENTRY--PERSONAL NAME
Personal name McCracken, Craig
245 ## - TITLE STATEMENT
Title Powerpuff girls : big terrible trouble? /
Statement of responsibility, etc by Craig McCracken ; illustrated by Craig McCracken and Lou Romano.
260 ## - PUBLICATION, DISTRIBUTION, ETC. (IMPRINT)
Place of publication, distribution, etc New York :
Name of publisher, distributor, etc A Golden Book,
Date of publication, distribution, etc 1999.
300 ## - PHYSICAL DESCRIPTION
Extent 1 v. p. : ill. ; cm.
440 ## - SERIES STATEMENT/ADDED ENTRY--TITLE
Title Cartoon Network
650 ## - SUBJECT ADDED ENTRY--TOPICAL TERM
Topical term or geographic name as entry element Adventures
General subdivision Fiction.
650 ## - SUBJECT ADDED ENTRY--TOPICAL TERM
Topical term or geographic name as entry element Children stories.
Holdings
Withdrawn status Lost status Damaged status Use restrictions Home library Current library Shelving location Date acquired Source of acquisition Total Checkouts Full call number Barcode Date last seen Price effective from Koha item type
        Munich Library Munich Library Easy Reading Section 10/20/2004     ER P87 1999 M2899 04/14/2014 04/14/2014 Books
        Munich Library Munich Library Easy Reading Section 10/27/2010     ER P87 1999 M3035 04/14/2014 04/14/2014 Books

Powerpuff girls : big terrible trouble? /

APA

McCracken C., . (1999). Powerpuff girls : big terrible trouble?. New York: A Golden Book.

Chicago

McCracken Craig, . 1999. Powerpuff girls : big terrible trouble?. New York: A Golden Book.

Harvard

McCracken C., . (1999). Powerpuff girls : big terrible trouble?. New York: A Golden Book.

MLA

McCracken Craig, . Powerpuff girls : big terrible trouble?. New York: A Golden Book. 1999.

  • Place hold
  • Print
  • Cite
  • Add to your cart (remove)
  • Save record
    BIBTEX Dublin Core MARCXML MARC (non-Unicode/MARC-8) MARC (Unicode/UTF-8) MARC (Unicode/UTF-8, Standard) MODS (XML) RIS
  • More searches
    Search for this title in:
    Other Libraries (WorldCat) Other Databases (Google Scholar) Online Stores (Bookfinder.com) Open Library (openlibrary.org)

Exporting to Dublin Core...

SOUTHVILLE LIBRARY

Southville International School and Colleges Library

1281 Tropical Ave. Cor. Luxembourg St., BF Homes International, Las Pinas City

Tel. No. 8256374 / 252358 Loc. 117/146

Powered by Koha